| Tag |
First Indicator |
Second Indicator |
Subfields |
| LEADER |
00000cam a2200000 a 4500 |
| 001 |
in00002782391 |
| 005 |
20151202172509.0 |
| 008 |
121119s2012 enka b 001 0 eng d |
| 010 |
|
|
|a 2012418480
|
| 020 |
|
|
|a 9780199546282
|
| 020 |
|
|
|a 0199546282
|
| 035 |
|
|
|a (OCoLC)ocn774494391
|
| 040 |
|
|
|a BTCTA
|c BTCTA
|d DLC
|d TXA
|d UtOrBLW
|
| 042 |
|
|
|a lccopycat
|
| 043 |
|
|
|a e------
|
| 049 |
|
|
|a TXAM
|
| 050 |
0 |
0 |
|a JN30
|b .O94 2012
|
| 082 |
0 |
0 |
|a 341.2422
|2 23
|
| 245 |
0 |
4 |
|a The Oxford handbook of the European Union /
|c edited by Erik Jones, Anand Menon, and Stephen Weatherill.
|
| 250 |
|
|
|a 1st ed.
|
| 264 |
|
1 |
|a Oxford ;
|a New York :
|b Oxford University Press,
|c 2012.
|
| 300 |
|
|
|a xxix, 893 pages :
|b illustrations ;
|c 26 cm.
|
| 336 |
|
|
|a text
|b txt
|2 rdacontent
|
| 337 |
|
|
|a unmediated
|b n
|2 rdamedia
|
| 338 |
|
|
|a volume
|b nc
|2 rdacarrier
|
| 490 |
1 |
|
|a Oxford handbooks
|
| 504 |
|
|
|a Includes bibliographical references and index.
|
| 505 |
0 |
|
|a Part I : Perspectives -- Part II : Treaties -- Part III : Major personalities -- Part IV : Member states (cleavages) -- Part V : Institutions -- Part VI : Economic competences -- Part VII : Substantive policy development -- Part VIII : Competences in foreign policy and home affairs -- Part IX : Political concerns -- Part X : EU and the member states.
|
| 610 |
2 |
0 |
|a European Union.
|
| 651 |
|
0 |
|a European Union countries
|x Politics and government.
|
| 700 |
1 |
|
|a Jones, Erik.
|
| 700 |
1 |
|
|a Menon, Anand,
|d 1965-
|
| 700 |
1 |
|
|a Weatherill, Stephen,
|d 1961-
|
| 830 |
|
0 |
|a Oxford handbooks.
|
| 945 |
|
|
|a PromptCat
|
| 948 |
|
|
|a cataloged
|b h
|c 2013/1/14
|d c
|e dmitchel
|f 9:00:00 am
|
| 994 |
|
|
|a C0
|b TXA
|
| 999 |
|
|
|a MARS
|
| 999 |
f |
f |
|s 5a061926-cd5b-3f37-b13c-4397df1f8229
|i 168e438c-2ab9-3db5-9233-97552d51b128
|t 0
|
| 952 |
f |
f |
|p ric
|a Texas A&M University
|b Rellis Campus
|c Joint Library Facility
|d Remote Storage
|t 0
|e JN30 .O94 2012
|h Library of Congress classification
|i unmediated -- volume
|m A14836010161
|
| 998 |
f |
f |
|a JN30 .O94 2012
|t 0
|l Remote Storage
|